| 000 | 01862cam a22004694i 4500 | ||
|---|---|---|---|
| 003 | PE-LiUPU | ||
| 005 | 20250731173440.0 | ||
| 008 | 150616s r 000 0 d | ||
| 035 | _a(Sirsi) a568 | ||
| 040 |
_aPE-LiUPU _bspa _cPE-LiUPU _erda |
||
| 049 | _aPRUA | ||
| 082 | 0 | 4 |
_a290 _bC55 _221 |
| 100 | 1 |
_aFreeman Clarke, James, _d1810-1888, _eautor. |
|
| 245 | 1 | 0 |
_aTen great religions: an essay in comparative theology / _c James Freeman Clarke. |
| 264 | 1 |
_aBoston : _bJames R. Osgood and Company, _c1873. |
|
| 300 |
_a528 páginas ; _c20 cm |
||
| 336 |
_atext _2rdacontent |
||
| 337 |
_aunmediated _2rdamedia |
||
| 338 |
_avolume _2rdacarrier |
||
| 504 | _aIncluye bibliografía. | ||
| 505 | 0 | _aEthnic and catholic religions -- Confucius and the chinese, or the prose of Asia -- Brahmanism -- Buddhism, or the protestantism of the east -- Zoroaster and the zend avesta -- The Gods of Egypt -- The Gods of Greece -- The religion of Rome -- The teutonic and scandinavian religion -- The jewish religion -- Mohammed and islam -- The ten religions and christianity. | |
| 526 | _aSEG42 | ||
| 526 | _aSEG41 | ||
| 526 | _aSEG40 | ||
| 526 | _aSEG39 | ||
| 526 | _aP94 | ||
| 526 | _aP87 | ||
| 526 | _aP86 | ||
| 526 | _aP85 | ||
| 526 | _aP77 | ||
| 526 | _aP76 | ||
| 526 | _aP35 | ||
| 650 | 0 | 4 | _aReligiones. |
| 650 | 0 | 4 | _aEl cristianismo y otras religiones. |
| 910 |
_ajck _bjvq _cjck |
||
| 942 |
_2ddc _cBOOK |
||
| 949 |
_a290 C55 _wDEWEY _c1 _i06488 _lCCODEBUL1 _mBUL _p00.00 _r0 _sY _tBOOK _u2015-04-23 _xTEOLOGIA _zUNKNOWN _0COMPRA _o.STAFF. Colección General |
||
| 994 |
_aC0 _bPEPRU |
||
| 596 | _a1 | ||
| 999 |
_a290 C55 _wDEWEY _c56734 _i06488 _f2021-11-12 _g5 _lCCODEBUL1 _mBUL _r0 _sY _tBOOK _u2015-4-23 _xTEOLOGIA _zUNKNOWN _0COMPRA _o.STAFF. Colección General _d56734 |
||
| 980 |
_81 _gALBERTO SANCHEZ Responsable de Automatización |
||